| 000 | 01328cam a2200301 a 4500 | ||
|---|---|---|---|
| 999 |
_c332463 _d332463 |
||
| 001 | 4886319 | ||
| 003 | NUST | ||
| 005 | 20171206123002.0 | ||
| 008 | 930407s1994 nyua b 001 0 eng | ||
| 010 | _a 93001552 | ||
| 020 | _a0195070119 (acidfree paper) | ||
| 040 |
_aDLC _cDLC _dDLC |
||
| 050 | 0 | 0 |
_aS592.5 _b.M39 1994 |
| 082 | 0 | 0 |
_a631.41 MCB _220 |
| 100 | 1 |
_aMcBride, Murray B. _97018 |
|
| 245 | 1 | 0 |
_aEnvironmental chemistry of soils / _cMurray B. McBride. |
| 260 |
_aNew York : _bOxford University Press, _c1994. |
||
| 300 |
_aviii, 406 p. : _bill. ; _c24 cm. |
||
| 500 | _aH.B | ||
| 504 | _aIncludes bibliographical references and index. | ||
| 650 | 0 |
_aSoil chemistry. _96518 |
|
| 856 | 4 | 2 |
_3Publisher description _uhttp://www.loc.gov/catdir/enhancements/fy0604/93001552-d.html |
| 856 | 4 | 1 |
_3Table of contents only _uhttp://www.loc.gov/catdir/enhancements/fy0604/93001552-t.html |
| 856 | 4 | 2 |
_3Contributor biographical information _uhttp://www.loc.gov/catdir/enhancements/fy0725/93001552-b.html |
| 906 |
_a7 _bcbc _corignew _d1 _eocip _f19 _gy-gencatlg |
||
| 942 |
_2ddc _cBK _kIESE |
||